[Event "Ptuj op"]
[Site "Ptuj"]
[Date "2018.08.12"]
[Round "6"]
[White "Okroznik, Gorazd"]
[Black "Preloznik, Jure"]
[Result "1/2-1/2"]
[WhiteElo "1473"]
[BlackElo "1579"]
[PlyCount "70"]
[EventDate "2018.08.07"]
[EventType "swiss"]
[EventRounds "9"]
[EventCountry "SLO"]
[SourceTitle "CBM 186 Extra"]
[Source "ChessBase"]
[SourceDate "2018.08.24"]
[SourceVersion "1"]
[SourceVersionDate "2018.08.24"]
[SourceQuality "1"]

1. d4 Nf6 2. e3 g6 3. Bd3 Bg7 4. Nc3 d6 5. Nge2 0-0 6. Ne4 Nxe4 7. Bxe4 c5 8. 0-0 Nc6 9. dxc5 dxc5 10. c3 Qc7 11. Qc2 b6 12. g3 Bb7 13. Bg2 Rad8 14. e4 Rd7 15. Bf4 Be5 16. Rad1 Rfd8 17. Rxd7 Rxd7 18. Rd1 Rxd1+ 19. Qxd1 Qd6 20. Qd5 Bxf4 21. Nxf4 Qxd5 22. exd5 Nd8 23. c4 Ba6 24. b3 b5 25. Bf1 bxc4 26. Bxc4 Bxc4 27. bxc4 Nb7 28. Nd3 Na5 29. Nb2 Kf8 30. Kg2 f5 31. Kf3 Kf7 32. Ke3 Kf6 33. Kd3 Nb7 34. f4 e6 35. dxe6 Kxe6 1/2-1/2

[Event "Ptuj op"]
[Site "Ptuj"]
[Date "2018.08.07"]
[Round "1"]
[White "Nikolic, Stanko"]
[Black "Preloznik, Jure"]
[Result "1-0"]
[WhiteElo "1845"]
[BlackElo "1579"]
[PlyCount "103"]
[EventDate "2018.08.07"]
[EventType "swiss"]
[EventRounds "9"]
[EventCountry "SLO"]
[SourceTitle "CBM 186 Extra"]
[Source "ChessBase"]
[SourceDate "2018.08.24"]
[SourceVersion "1"]
[SourceVersionDate "2018.08.24"]
[SourceQuality "1"]

1. e4 d6 2. d4 Nf6 3. Nc3 g6 4. Be2 c6 5. Be3 b5 6. a3 Bb7 7. f4 Bg7 8. e5 dxe5 9. fxe5 Nd5 10. Nxd5 Qxd5 11. Qd2 Nd7 12. Bf3 Qe6 13. Ne2 Nb6 14. Nf4 Qd7 15. b3 Nd5 16. Bxd5 cxd5 17. 0-0 0-0 18. Nd3 Rfc8 19. Nc5 Qc7 20. Rf2 e6 21. Raf1 Rf8 22. Bh6 Rae8 23. b4 Bc8 24. h4 Qe7 25. Bxg7 Kxg7 26. Rf6 Qd8 27. h5 Re7 28. R1f3 Rh8 29. Qf4 Qe8 30. Rg3 Rc7 31. Qg5 Re7 32. h6+ Kg8 33. Rgf3 Rc7 34. c3 Re7 35. Nd3 Bd7 36. Nf2 Bc8 37. Ng4 Kf8 38. R6f4 Qd7 39. Nf6 Qc7 40. Nh5 Rg8 41. Nf6 Rh8 42. Nxh7+ Rxh7 43. Qxg6 f5 44. exf6 Ref7 45. Rg4 Ke8 46. Qg8+ Rf8 47. f7+ Rhxf7 48. h7 Rxf3 49. gxf3 Qxc3 50. Qxf8+ Kxf8 51. h8Q+ Kf7 52. Rg7+ 1-0